000 00995nam a2200313Ia 4500
001 Para_7355
003 CHAP
008 220125s1938 xx 000 0 und d
010 _a206243
040 _cCHAP
082 _aPA-C 637.1 B85
100 _aMudge, C.S.
_9172488
245 _aThe operation of the bacteriological laboratory for dairy plants /
_c by C.S. Mudge
260 _aBerkeley, Cal. :
_b The University of California. College of Agriculture. Agricultural Experiment tation
300 _a31 p.
440 _aCircular; 310
_9172489
500 _aEncuadernado con otros impresos similares
650 _aIndustria lechera
_957819
650 _aLeche
_x bacteriología
_965360
650 _aLeche
_x colecciones de escritos
_9172422
650 7 _aPlantas lecheras
_2
_989014
901 _aPA-C 637.1 B85
902 _aA
905 _a0000001938 0000000000 00
910 _a1938
942 _cPARA
942 _cPARA
_d1
999 _c206243
_d206243